000
00334nam a22001457a 4500
008
221109b ||||| |||| 00| 0 eng d
020
_a
9780273732792
041
_a
eng
080
_2
THIRD EDITION
_a
33
082
_a
33 MUL
100
_a
23.1
101
_a
BIZ
245
_a
THE NEW BUSINESS ROAD TEST
_c
MULLINS J
942
_2
udc
_c
BK
999
_c
58818
_d
58818